Peces colectados en el río Acandi (<Chocó>) suroeste del Caribe colombiano (Registro nro. 14343)

Detalles MARC
000 -CABECERA
Campo de control 003240000a22001090004500
090 ## - CLASIFICACIÓN LOCAL
Colección AS
Consecutivo Seriadas
041 0# - IDIOMA
Código de idioma para texto/pista de sonido o título separado
100 1# - ASIENTO PRINCIPAL--NOMBRE PERSONAL
Nombre personal Alvarez León, Ricardo
245 10 - MENCION DE TITULO
Título Peces colectados en el río Acandi (<Chocó>) suroeste del Caribe colombiano
773 1# - Item fuente:
Título Caldasia
Especificación de materiales 45
Descripción física 79
Paginas del Articulo 525-530
Lugar, editorial y fecha de publicación 1991
Información sobre la relación 16
942 ## - ELEMENTOS ADICIONALES (KOHA)
Tipo de ítem Artículo

No hay ítems disponibles.